[Event "POL-chT 2nd League"]
[Site "Wysowa"]
[Date "2005.09.04"]
[Round "9.35"]
[White "Jagodzinski, Waldemar"]
[Black "Kiersz, Ludwik"]
[Result "0-1"]
[WhiteElo "2159"]
[BlackElo "2140"]
[PlyCount "82"]
[EventDate "2005.08.27"]
[EventType "team-swiss"]
[EventRounds "9"]
[EventCountry "POL"]
[SourceTitle "EXT 2019"]
[Source "ChessBase"]
[SourceDate "2018.10.10"]
[SourceVersion "1"]
[SourceVersionDate "2018.10.10"]
[SourceQuality "1"]
[WhiteTeam "Znin Baszta"]
[BlackTeam "Pultusk Nadnarwianka"]
[WhiteTeamCountry "POL"]
[BlackTeamCountry "POL"]

1. d4 Nf6 2. Nf3 g6 3. c4 c5 4. Nc3 Bg7 5. e4 cxd4 6. Nxd4 d6 7. Be2 0-0 8. 0-0 Nc6 9. Be3 a6 10. Rc1 Re8 11. Qd2 Bd7 12. f3 Rc8 13. Rfe1 Ra8 14. Bf1 Rc8 15. b3 Ra8 16. Nde2 Bc8 17. Nf4 Nd7 18. Nfd5 e6 19. Nf4 Bf8 20. Red1 Qf6 21. Nh3 Qg7 22. Nf2 f5 23. Nh3 Nf6 24. exf5 gxf5 25. Nf4 Ne5 26. Kh1 Bd7 27. Bd4 Bc6 28. c5 Nfd7 29. cxd6 Bxd6 30. Qe3 Qh6 31. Nh3 Qxe3 32. Bxe3 Ba3 33. Rc2 Nf8 34. Kg1 Rad8 35. Rxd8 Rxd8 36. Ne2 Bb5 37. Nhf4 Rd1 38. Kf2 Nc6 39. Rd2 Ra1 40. Ng3 Bb4 41. Rc2 Be1+ 0-1

[Event "POL-chT 58th 2nd League"]
[Site "Wisla"]
[Date "2002.??.??"]
[Round "?"]
[White "Zaskalski, Pawel"]
[Black "Kiersz, Ludwik"]
[Result "1/2-1/2"]
[WhiteElo "2140"]
[BlackElo "2156"]
[PlyCount "40"]
[EventDate "2002.08.30"]
[EventType "team-swiss"]
[EventRounds "11"]
[EventCountry "POL"]
[SourceTitle "EXT 2019"]
[Source "ChessBase"]
[SourceDate "2018.10.10"]
[SourceVersion "1"]
[SourceVersionDate "2018.10.10"]
[SourceQuality "1"]

1. d4 Nf6 2. c4 c5 3. d5 e6 4. Nc3 exd5 5. cxd5 d6 6. e4 g6 7. f4 Bg7 8. Bb5+ Nfd7 9. a4 0-0 10. Nf3 Re8 11. 0-0 a6 12. Bd3 Nf6 13. h3 Nbd7 14. Re1 Qc7 15. Bf1 h6 16. e5 Nh7 17. exd6 Rxe1 18. dxc7 Rxd1 19. Nxd1 Nhf6 20. Nc3 Ne8 1/2-1/2

[Event "POL-chT 2nd div North"]
[Site "Lublin"]
[Date "1999.??.??"]
[Round "2"]
[White "Walkusz, Witoslaw"]
[Black "Kiersz, Ludwik"]
[Result "1-0"]
[WhiteElo "2175"]
[BlackElo "2175"]
[PlyCount "60"]
[EventDate "1999.09.11"]
[EventType "team-swiss"]
[EventRounds "8"]
[EventCountry "POL"]
[SourceTitle "EXT 2003"]
[Source "ChessBase"]
[SourceDate "2002.11.25"]
[SourceVersion "1"]
[SourceVersionDate "2002.11.25"]
[SourceQuality "1"]
[WhiteTeam "POL-chT 2nd div North 4"]
[BlackTeam "Pultusk Nadnarwianka"]
[WhiteTeamCountry "POL"]
[BlackTeamCountry "POL"]

1. e4 d5 2. exd5 Nf6 3. Nc3 Nxd5 4. Bc4 c6 5. Qf3 Nf6 6. Nge2 Bg4 7. Qe3 Bxe2 8. Nxe2 e6 9. d4 Bd6 10. h3 0-0 11. 0-0 Nbd7 12. Qb3 Nb6 13. Bd3 h6 14. c4 c5 15. Be3 Qc7 16. Rfd1 Rac8 17. Nc3 a6 18. Ne4 Nxe4 19. Bxe4 Rb8 20. Rac1 Rfe8 21. Bb1 f5 22. a3 Nd7 23. d5 g6 24. dxe6 Rxe6 25. Bxh6 Nf6 26. Re1 Rbe8 27. Bd2 Bh2+ 28. Kf1 Bf4 29. Rxe6 Rxe6 30. Re1 Rxe1+ 1-0

[Event "Warsaw Legion op"]
[Site "Warsaw"]
[Date "1991.??.??"]
[Round "1"]
[White "Kiersz, Ludwik"]
[Black "Bogdanovich, Grigory Grigorievic"]
[Result "0-1"]
[WhiteElo "2235"]
[BlackElo "2355"]
[PlyCount "93"]
[EventDate "1991.??.??"]
[EventType "swiss"]
[EventRounds "11"]
[EventCountry "POL"]
[SourceTitle "EXT 1997"]
[Source "ChessBase"]
[SourceDate "1996.11.15"]
[SourceVersion "1"]
[SourceVersionDate "1996.11.15"]
[SourceQuality "1"]

1. e4 c5 2. Nf3 e6 3. d4 cxd4 4. Nxd4 Nc6 5. Nc3 a6 6. Be2 Qc7 7. a3 Nf6 8. Be3 Be7 9. 0-0 0-0 10. Kh1 d6 11. f4 Bd7 12. Qe1 Rac8 13. Qf2 b5 14. Nb3 Rb8 15. Rfd1 Rfe8 16. e5 dxe5 17. fxe5 Nxe5 18. Qg3 Nd5 19. Bd4 f6 20. Ne4 Bc8 21. Rac1 Nc6 22. Qxc7 Nxc7 23. Bc5 e5 24. Nd6 Rd8 25. Bf3 e4 26. Bxe4 Bg4 27. Rd2 Ne6 28. Bxc6 Nxc5 29. Nxc5 Rxd6 30. Rxd6 Bxd6 31. Nxa6 Rc8 32. Bd5+ Kf8 33. c4 bxc4 34. Rxc4 Re8 35. Rc1 Bf4 36. Rf1 Be5 37. Nb4 Bxb2 38. a4 Be2 39. Rb1 Bc3 40. Na2 Bd3 41. Rd1 Bc2 42. Rf1 Bd2 43. Bc6 Rc8 44. Rf2 Rd8 45. Rf1 Bb3 46. Nc1 Bxc1 47. Rxc1 0-1